Responses for show #6580 - Friday, April 5, 2013

Contestants

Eric Nelson, a teacher and small business owner from Minneapolis, Minnesota

Emily Vandermeulen, a geographic information systems specialist from Owen Sound, Ontario, Canada

Salvo Candela, a university administrator from New York, New York (whose 1-day cash winnings total $26,100)

Jeopardy! Round responses

MONOGRAMS OF THE FAMOUS & INFAMOUS
IRREGULAR PAST TENSES
YOU'VE GOT TASTE
WORLD "S"ITIES
POTPOURRI
THE ONLY GAME IN TOWN
(Alex: We will name a place for you--a town, a city. Keep in mind that that city has only one team in one of the major leagues--NBA, NHL, or NFL.)
    $200 19
John Paul Jones

Eric
    $200 16
rose

Salvo
    $200 11
Grey Poupon

Salvo
    $200 1
Saint Petersburg

Salvo
    $200 26
(Eric: What is "when the bough breaks"?)

when the wind blows

SalvoEric
    $200 6
(Eric: Who are the Packers? [Pause] What is [*]?)

football

Eric
    $400 20
Edgar Allan Poe

Salvo
    $400 17
shook

Salvo
    $400 12
Sam Adams

Emily
    $400 2
Sydney

Salvo
    $400 27
a cloven foot

Salvo
    $400 7
hockey

Eric
    $600 23
(Eric: Who is John William Barrymore?)

John Wilkes Booth

SalvoEric
    $600 18
forbade

Eric
    $600 13
Rolex

Emily
    $600 3
Sucre

Salvo
    $600 28
Heidi Klum

Eric
    $600 8
basketball

Emily
    $800 24
Andrew Lloyd Webber

Salvo
    $800 21
seesaw

Salvo
    $800 14
Velveeta

Salvo
    $800 4
Shanghai

Salvo
    $800 29
the Globe

Salvo
    $800 9
(Salvo: What is hockey?)

football

SalvoEmily
    $1000 25
Joyce Carol Oates

Triple Stumper
    $1000 22
bent

Eric
    $2,000 15
(Salvo: What is Matterhorn?)

Montblanc

Salvo
    $1000 5
São Paulo

Emily
    $1000 30
(Alex: Adams, Jefferson, and Monroe.)

July 4th

Emily
    $1000 10
basketball

Eric

Scores at the first commercial break (after clue 15):

Salvo Emily Eric
$200 $3,400 $1,600

Scores at the end of the Jeopardy! Round:

Salvo Emily Eric
$4,800 $4,400 $3,200

Double Jeopardy! Round responses

AN ODD RHYME
(Alex: Odd because each correct response will rhyme with the word "odd".)
CHEMISTRY
HOW COLLEGES GOT THEIR NAMES
LITERARY ANIMALS
THE "WILD" & "CRAZY"
BENJAMIN HARRISON ADMINISTRATION
    $400 16
a pod

Salvo
    $400 21
an acid or a base

Emily
    $400 11
San Francisco

Salvo
    $400 1
an elephant

Emily
    $400 6
(Emily: What is Wild at Heart?)

Crazy Heart

EmilyEric
    $400 26
Ellis Island

Emily
    $800 17
a wad

Emily
    $800 22
decomposition

Salvo
    $800 12
MIT (Massachusetts Institute of Technology)

Salvo
    $800 2
(Salvo: Who's Heloise?)

Eloise

SalvoEmily
    $800 7
Crazy, Stupid Love

Eric
    $800 27
electric lights

Emily
    $1200 18
sod

Eric
    $1200 23
(Emily: What is a dilution?)

a solution

SalvoEmily
    $1200 13
Barnard

Salvo
    $1200 3
a mockingjay

Emily
    $1200 8
(Emily: What is Strawberries?)

Wild Strawberries

EmilyEric
    $1200 28
(Salvo: What are Arizona and New Mexico?)

North & South Dakota

Salvo
Triple Stumper
    $1600 19
a rod

Salvo
    $2,000 24
monosaccharide

Salvo
    $3,000 14
Carnegie Mellon University

Salvo
    $1600 4
Ichabod Crane

Emily
    $1600 9
Into the Wild

Salvo
    $1600 29
the Sherman Antitrust Act

Salvo
    $2000 20
a demigod

Salvo
    $2000 25
atomic mass unit

Triple Stumper
    $2000 15
Spelman College

Triple Stumper
    $2000 5
(Salvo: What is Watership Downs?)

Watership Down

SalvoEmily
    $2000 10
The Gods Must Be Crazy

Eric
    $2000 30
(Emily: What are federal courts?)

Circuit courts (of appeal)

SalvoEmily

Scores at the end of the Double Jeopardy! Round:

Salvo Emily Eric
$19,400 $8,000 $8,800
(lock game)

[wagering suggestions for these scores]

Final Jeopardy! Round responses

BROADWAY MUSICALS
EmilyWhat is Les Miserables
$8,000
EricWhat The Book of Mormon
$700
SalvoWhat is The Book of Mormon?
$1,795
The Book of Mormon

Final scores:

Salvo Emily Eric
$21,195 $0 $9,500
2-day champion: $47,295 3rd place: $1,000 2nd place: $2,000

Game dynamics:

Coryat scores:

Salvo Emily Eric
$19,600 $8,000 $8,800
28 R
(including 2 DDs),
5 W
(including 1 DD)
15 R,
4 W
12 R,
2 W

Combined Coryat: $36,400

The J! Archive is created by fans, for fans. The Jeopardy! game show and all elements thereof, including but not limited to copyright and trademark thereto, are the property of Jeopardy Productions, Inc. and are protected under law. This website is not affiliated with, sponsored by, or operated by Jeopardy Productions, Inc. Join the discussion at JBoard.tv.